Build it! Jump it! / (Record no. 377995)
[ view plain ]
| 000 -LEADER | |
|---|---|
| fixed length control field | 01534cam a22004098i 4500 |
| 001 - CONTROL NUMBER | |
| control field | 21385379 |
| 005 - DATE AND TIME OF LATEST TRANSACTION | |
| control field | 20221014173324.0 |
| 008 - FIXED-LENGTH DATA ELEMENTS--GENERAL INFORMATION | |
| fixed length control field | 200114s2022 nyu j 000 1 eng |
| 010 ## - LIBRARY OF CONGRESS CONTROL NUMBER | |
| LC control number | 2020001060 |
| 020 ## - INTERNATIONAL STANDARD BOOK NUMBER | |
| International Standard Book Number | 9781338553802 |
| Qualifying information | (paperback) |
| 020 ## - INTERNATIONAL STANDARD BOOK NUMBER | |
| International Standard Book Number | 9781338553819 |
| Qualifying information | (library binding) |
| 020 ## - INTERNATIONAL STANDARD BOOK NUMBER | |
| Cancelled/invalid ISBN | 9781338684902 |
| Qualifying information | (ebook) |
| 040 ## - CATALOGING SOURCE | |
| Original cataloging agency | NJQ/DLC |
| Language of cataloging | eng |
| Description conventions | rda |
| Transcribing agency | DLC |
| Modifying agency | DLC |
| 042 ## - AUTHENTICATION CODE | |
| Authentication code | lcac |
| -- | pcc |
| 050 00 - LIBRARY OF CONGRESS CALL NUMBER | |
| Classification number | PZ7.B767 |
| Item number | Bu 2022 |
| 082 04 - DEWEY DECIMAL CLASSIFICATION NUMBER | |
| Classification number | [E] |
| Edition number | 23 |
| 092 ## - LOCALLY ASSIGNED DEWEY CALL NUMBER (OCLC) | |
| Classification number | children graphic |
| Item number | Brimner |
| 100 1# - MAIN ENTRY--PERSONAL NAME | |
| Personal name | Brimner, Larry Dane, |
| Relator term | author. |
| 9 (RLIN) | 27730 |
| 245 10 - TITLE STATEMENT | |
| Title | Build it! Jump it! / |
| Statement of responsibility, etc | written by Larry Dane Brimner ; illustrated by Kaylani Juanita. |
| 263 ## - PROJECTED PUBLICATION DATE | |
| Projected publication date | 2206 |
| 264 #1 - Production, Publication, Distribution, Manufacture, and Copyright Notice. | |
| Place of production, publication, distribution, manufacture | New York : |
| Name of producer, publisher, distributor, manufacturer | Acorn/Scholastic Inc., |
| Date of production, publication, distribution, manufacture, or copyr | [2022] |
| 300 ## - PHYSICAL DESCRIPTION | |
| Extent | pages cm. |
| 336 ## - Content Type | |
| Content type term | text |
| 336 ## - Content Type | |
| Content type term | still image |
| 337 ## - Media type | |
| Media type term | unmediated |
| 338 ## - Carrier type | |
| Carrier type term | volume |
| 490 0# - SERIES STATEMENT | |
| Series statement | Racing Ace ; |
| Volume number/sequential designation | 2 |
| 520 ## - SUMMARY, ETC. | |
| Summary, etc | Ace builds her own skateboard, but it takes a lot of practice (and some falls) to learn to skate well--and then she builds a ramp and takes it to the park to skate with her new skateboarding friends. |
| 521 1# - TARGET AUDIENCE NOTE | |
| Target audience note | Ages 4-6. |
| Source | Scholastic. |
| 521 2# - TARGET AUDIENCE NOTE | |
| Target audience note | Grades K-1. |
| Source | Scholastic. |
| 650 #0 - SUBJECT ADDED ENTRY--TOPICAL TERM | |
| Topical term or geographic name as entry element | Skateboarding |
| Form subdivision | Juvenile fiction. |
| 9 (RLIN) | 5701063 |
| 650 #0 - SUBJECT ADDED ENTRY--TOPICAL TERM | |
| Topical term or geographic name as entry element | Skateboards |
| Form subdivision | Juvenile fiction. |
| 9 (RLIN) | 6456396 |
| 650 #1 - SUBJECT ADDED ENTRY--TOPICAL TERM | |
| Topical term or geographic name as entry element | Skateboarding |
| Form subdivision | Fiction. |
| 9 (RLIN) | 5701064 |
| 650 #1 - SUBJECT ADDED ENTRY--TOPICAL TERM | |
| Topical term or geographic name as entry element | Skateboards |
| Form subdivision | Fiction. |
| 9 (RLIN) | 6456397 |
| 700 1# - ADDED ENTRY--PERSONAL NAME | |
| Personal name | Juanita, Kaylani, |
| Relator term | illustrator. |
| 9 (RLIN) | 6358549 |
| 942 ## - ADDED ENTRY ELEMENTS (KOHA) | |
| Source of classification or shelving scheme | Dewey Decimal Classification |
| Koha item type | BOOK |
| Withdrawn status | Lost status | Source of classification or shelving scheme | Damaged status | Not for loan | Collection code | Home library | Current library | Shelving location | Date acquired | Source of acquisition | Total Checkouts | Total Renewals | Full call number | Barcode | Date last seen | Date checked out | Cost, replacement price | Price effective from | Koha item type |
|---|---|---|---|---|---|---|---|---|---|---|---|---|---|---|---|---|---|---|---|
| Dewey Decimal Classification | Children Graphic Novels | Wasatch County Library | Wasatch County Library | Main Floor Childrens Area | 10/14/2022 | Penworthy | 5 | 1 | E GN Brimner | 34301001866609 | 03/02/2026 | 07/27/2023 | 15.96 | 10/14/2022 | BOOK |
